| 000 | 01082nam0a22003011 4500 | ||
|---|---|---|---|
| 001 | RU\INFOCOMM_327\NLR\5000010114 | ||
| 005 | 20250613103140.0 | ||
| 035 | _a(NLR Aleph) 009461329 | ||
| 090 |
_a8468673 _c8468673 |
||
| 100 | _a20121210d1978 |||y0rusy50 ca | ||
| 101 | 0 | _aeng | |
| 102 | _aRU | ||
| 105 | _ay z ||||| | ||
| 200 | 1 |
_aWhat people discuss in the USSR? _fVladimir Kokashinsky |
|
| 210 |
_aM. _c"Novosti" press agency publ. house _d1978 |
||
| 215 |
_a118 с. _cил. _d16 см |
||
| 225 | 1 | _aSoviet democracy at work | |
| 300 | _aНа обороте тит. л.: О чем спорят в СССР? / Владимир Константинович Кокашинский | ||
| 606 | 0 |
_aКоммунистическая мораль _91158153 _3RU\NLR\AUTH\66145005 |
|
| 620 | _aМосква | ||
| 686 |
_aЮ712 _2rubbk |
||
| 700 | 1 |
_9z01790 _aKokašinskij _bV. K. _gVladimir Konstantinovič |
|
| 790 | 1 |
_9z01700 _aKokashinsky _bV. _gVladimir _4070 |
|
| 801 | 1 |
_aRU _bNLR _c20121210 |
|
| 801 | 0 |
_aRU _bINFOCOMM _gPSBO |
|
| 852 |
_aNLR _jФ81 Д-1/22 |
||
| 942 | _cBOOK | ||
| 980 | _aNB | ||